| 000 | 00880nam a22001577a 4500 | ||
|---|---|---|---|
| 003 | OSt | ||
| 005 | 20221125151539.0 | ||
| 008 | 160316b xxu||||| |||| 00| 0 eng d | ||
| 040 | _cRUA | ||
| 082 | _aVEM BRA 2012 B543 Or.1 | ||
| 100 |
_98032 _aBRAK MOAHENG; ប្រាក់ ម៉ៅហេង |
||
| 245 | _aEffect of antibiotics on diarrhea of suckling piglets in community development of agriculture pig farm at bavet town, svay reang province; ប្រសិទ្ធភាពអង់ទីប៊ីយ៉ូទិចលើជំងឺកូនជ្រូកកំឡុងពេលប៉ៅដោះនៅសហគមន៏អភិវឌ្ឍន៏កសិកម្មចិញ្ចឹមជ្រូកក្រុងបាវិត ខេត្តស្វាយរៀង | ||
| 260 |
_aPhnom Penh _bRUA _c2012 |
||
| 300 |
_aix;38p. _bill. _c29cm. |
||
| 942 |
_2ddc _cVEM |
||
| 999 |
_c7630 _d7630 |
||